[Event "GBR-ch75"]
[Site "Blackpool"]
[Date "1988.08.03"]
[Round "3.3"]
[White "Mestel, A Jonathan"]
[Black "Arkell, Keith C"]
[Result "1-0"]
[WhiteElo "2510"]
[BlackElo "2430"]
[PlyCount "93"]
[EventDate "1988.08.01"]
[EventType "swiss"]
[EventRounds "11"]
[EventCountry "GBR"]
[SourceTitle "BritBase12Sep20"]
[Source "John Saunders"]
[SourceDate "2020.09.12"]
[SourceVersion "1"]
[SourceVersionDate "2020.09.12"]
[SourceQuality "1"]

1. e4 c6 2. Nc3 d5 3. d4 dxe4 4. Nxe4 Nd7 5. Bc4 Ngf6 6. Ng5 e6 7. Qe2 Nb6 8.
Bd3 h6 9. N5f3 c5 10. dxc5 Nbd7 11. b4 Nd5 12. Bd2 Qf6 13. Rb1 a5 14. a3 g5 15.
Be4 Nc3 16. Bxc3 Qxc3+ 17. Qd2 Qxa3 18. Qd4 e5 19. Nxe5 Bg7 20. Ra1 axb4 21.
Rxa3 bxa3 22. Ngf3 O-O 23. Bd5 g4 24. Bxf7+ Rxf7 25. Qd5 Nxe5 26. Nxe5 Bxe5 27.
Qxe5 Ra6 28. O-O a2 29. Ra1 Be6 30. Qe2 Rf4 31. Qd2 Raa4 32. c3 Kf7 33. Qc2
Rfc4 34. f3 gxf3 35. gxf3 Rh4 36. Kg2 Ra8 37. Qh7+ Kf6 38. Qxb7 Rg8+ 39. Kh1
Rh5 40. Qe4 Rhg5 41. Qd4+ Kf7 42. c4 Rg2 43. Re1 R8g6 44. c6 Rc2 45. c7 Bh3 46.
Qd5+ Kf6 47. Qd6+ 1-0

[Event "GBR-ch75"]
[Site "Blackpool"]
[Date "1988.08.03"]
[Round "3.4"]
[White "Hempson, Peter W"]
[Black "Murshed, Niaz"]
[Result "0-1"]
[WhiteElo "2225"]
[BlackElo "2475"]
[PlyCount "66"]
[EventDate "1988.08.01"]
[EventType "swiss"]
[EventRounds "11"]
[EventCountry "GBR"]
[SourceTitle "BritBase12Sep20"]
[Source "John Saunders"]
[SourceDate "2020.09.12"]
[SourceVersion "1"]
[SourceVersionDate "2020.09.12"]
[SourceQuality "1"]

1. d4 d5 2. c4 dxc4 3. Nf3 Nf6 4. e3 e6 5. Bxc4 c5 6. O-O a6 7. Qe2 b5 8. Bb3
Bb7 9. Rd1 Nbd7 10. Ne5 Nxe5 11. dxe5 Nd7 12. f4 Qc7 13. Nd2 c4 14. Bc2 Nc5 15.
Nf3 Be7 16. Bd2 Ne4 17. Be1 Bc5 18. a4 O-O 19. Nd4 Qb6 20. a5 Qc7 21. Qf3 f5
22. exf6 Nxf6 23. Qh3 e5 24. Ne6 Qc6 25. Nxc5 Qxc5 26. fxe5 Ne4 27. Bc3 Ng5 28.
Qg3 h6 29. e6 Rf3 30. Bd4 Rxg3 31. Bxc5 Rxg2+ 32. Kf1 Rxc2 33. Rd7 Nxe6 0-1

[Event "GBR-ch75"]
[Site "Blackpool"]
[Date "1988.08.03"]
[Round "3.5"]
[White "Kwiatkowski, Feliks J"]
[Black "Pein, Malcolm"]
[Result "1/2-1/2"]
[WhiteElo "2240"]
[BlackElo "2410"]
[PlyCount "91"]
[EventDate "1988.08.01"]
[EventType "swiss"]
[EventRounds "11"]
[EventCountry "GBR"]
[SourceTitle "BritBase12Sep20"]
[Source "John Saunders"]
[SourceDate "2020.09.12"]
[SourceVersion "1"]
[SourceVersionDate "2020.09.12"]
[SourceQuality "1"]

1. e4 e5 2. Nf3 Nc6 3. Bb5 a6 4. Ba4 Nf6 5. O-O Be7 6. Re1 b5 7. Bb3 O-O 8. c3
d6 9. a4 Bd7 10. d4 h6 11. Nbd2 Re8 12. Nf1 Bf8 13. Ng3 Na5 14. Bc2 g6 15. h3
c5 16. d5 b4 17. cxb4 cxb4 18. Bd3 Qb8 19. Bd2 Rc8 20. b3 Qb6 21. Be3 Qd8 22.
Bd2 Qb6 23. Be3 Qb7 24. Ne2 Nh5 25. Nc1 Nf4 26. Bf1 Bg7 27. Nd2 f5 28. f3 Rc3
29. Bf2 Rac8 30. Nc4 Nxc4 31. Bxc4 fxe4 32. fxe4 Rf8 33. Ra2 Qc8 34. Re3 Rxe3
35. Bxe3 a5 36. Nd3 Qd8 37. Kh2 h5 38. Rc2 h4 39. Qg1 Bh6 40. Bxf4 Bxf4+ 41.
Nxf4 Rxf4 42. Qe3 g5 43. Bb5 g4 44. hxg4 Bxg4 45. Be2 Bd7 46. Bb5 1/2-1/2

[Event "GBR-ch75"]
[Site "Blackpool"]
[Date "1988.08.03"]
[Round "3.6"]
[White "Crawley, Gavin"]
[Black "Rogers, Ian"]
[Result "1/2-1/2"]
[WhiteElo "2380"]
[BlackElo "2535"]
[PlyCount "92"]
[EventDate "1988.08.01"]
[EventType "swiss"]
[EventRounds "11"]
[EventCountry "GBR"]
[SourceTitle "BritBase12Sep20"]
[Source "John Saunders"]
[SourceDate "2020.09.12"]
[SourceVersion "1"]
[SourceVersionDate "2020.09.12"]
[SourceQuality "1"]

1. e4 c5 2. Nf3 d6 3. d4 cxd4 4. Nxd4 Nf6 5. Nc3 a6 6. Bc4 b5 7. Bd5 Nxd5 8.
exd5 g6 9. Be3 Bg7 10. Qd2 Bb7 11. Bh6 Bxh6 12. Qxh6 b4 13. Nce2 Bxd5 14. Qg7
Rf8 15. Nf4 Bc4 16. b3 Qa5 17. bxc4 b3+ 18. Ke2 b2 19. Nd5 bxa1=Q 20. Rxa1 Ra7
21. Rb1 Qd8 22. Rb3 Qc8 23. Kd2 Qd8 24. f4 Kd7 25. Nb6+ Ke8 26. Nd5 Kd7 27. Kc1
Rc7 28. f5 gxf5 29. Nb6+ Ke8 30. Nxf5 Nd7 31. Nd5 Nc5 32. Re3 Ne6 33. Nfxe7
Qxe7 34. Rxe6 fxe6 35. Nxe7 Rxe7 36. Qd4 Rd7 37. Qe4 Rf6 38. Qa8+ Ke7 39. Qg8
Rf7 40. Qc8 Rf1+ 41. Kb2 a5 42. c5 dxc5 43. Qxc5+ Kf7 44. Qxa5 Rb7+ 45. Kc3 Rf5
46. Qa4 Rc7+ 1/2-1/2

[Event "GBR-ch75"]
[Site "Blackpool"]
[Date "1988.08.03"]
[Round "3.7"]
[White "Bellin, Robert"]
[Black "King, Daniel J"]
[Result "1/2-1/2"]
[WhiteElo "2370"]
[BlackElo "2520"]
[PlyCount "25"]
[EventDate "1988.08.01"]
[EventType "swiss"]
[EventRounds "11"]
[EventCountry "GBR"]
[SourceTitle "BritBase12Sep20"]
[Source "John Saunders"]
[SourceDate "2020.09.12"]
[SourceVersion "1"]
[SourceVersionDate "2020.09.12"]
[SourceQuality "1"]

1. e4 c5 2. Nf3 d6 3. c3 Nf6 4. h3 g6 5. Bd3 Bg7 6. Bc2 O-O 7. O-O e5 8. d4
cxd4 9. cxd4 exd4 10. Nxd4 Nc6 11. Nxc6 bxc6 12. Nc3 Re8 13. Ba4 1/2-1/2

[Event "GBR-ch75"]
[Site "Blackpool"]
[Date "1988.08.03"]
[Round "3.9"]
[White "Flear, Glenn C"]
[Black "Bell, Stephen"]
[Result "1-0"]
[WhiteElo "2470"]
[BlackElo "2380"]
[PlyCount "41"]
[EventDate "1988.08.01"]
[EventType "swiss"]
[EventRounds "11"]
[EventCountry "GBR"]
[SourceTitle "BritBase12Sep20"]
[Source "John Saunders"]
[SourceDate "2020.09.12"]
[SourceVersion "1"]
[SourceVersionDate "2020.09.12"]
[SourceQuality "1"]

1. d4 d5 2. c4 Nc6 3. Nc3 dxc4 4. Nf3 Nf6 5. e4 Bg4 6. Be3 Bxf3 7. gxf3 e5 8.
d5 Ne7 9. Qa4+ Nd7 10. d6 Nc6 11. dxc7 Qxc7 12. Bh3 Bb4 13. O-O-O Nf6 14. Nd5
Qa5 15. Nxf6+ gxf6 16. Bd7+ Ke7 17. Bxc6 bxc6 18. Qxc6 Rhd8 19. Qb7+ Ke6 20.
Rd5 Rxd5 21. exd5+ 1-0

[Event "GBR-ch75"]
[Site "Blackpool"]
[Date "1988.08.03"]
[Round "3.12"]
[White "Hodgson, Julian M"]
[Black "Findlay, Ian T"]
[Result "1-0"]
[WhiteElo "2525"]
[BlackElo "2350"]
[PlyCount "79"]
[EventDate "1988.08.01"]
[EventType "swiss"]
[EventRounds "11"]
[EventCountry "GBR"]
[SourceTitle "BritBase12Sep20"]
[Source "John Saunders"]
[SourceDate "2020.09.12"]
[SourceVersion "1"]
[SourceVersionDate "2020.09.12"]
[SourceQuality "1"]

1. d4 Nf6 2. Nf3 d5 3. c4 e6 4. Nc3 Be7 5. Bg5 h6 6. Bxf6 Bxf6 7. Qb3 c6 8. e4
dxe4 9. Nxe4 Be7 10. O-O-O Nd7 11. Bd3 Qc7 12. Kb1 b6 13. d5 Nc5 14. Nxc5 bxc5
15. Rhe1 O-O 16. Bc2 exd5 17. cxd5 cxd5 18. Qxd5 Bb7 19. Qf5 g6 20. Qd7 Qxd7
21. Rxd7 Bxf3 22. Rexe7 Bxg2 23. Bxg6 Bh3 24. Bxf7+ Rxf7 25. Rxf7 Bxd7 26. Rxd7
Rf8 27. Rxa7 Rxf2 28. a4 Rxh2 29. Rc7 Rh4 30. a5 Ra4 31. Rxc5 Kf7 32. b3 Rb4
33. Kb2 Rb8 34. Kc3 Ke7 35. b4 Kd6 36. Rh5 Rh8 37. b5 Kc7 38. Kb4 Kb7 39. a6+
Kb6 40. Rf5 1-0

[Event "GBR-ch75"]
[Site "Blackpool"]
[Date "1988.08.03"]
[Round "3.13"]
[White "Watson, William N"]
[Black "Knox, Victor W"]
[Result "1-0"]
[WhiteElo "2500"]
[BlackElo "2315"]
[PlyCount "105"]
[EventDate "1988.08.01"]
[EventType "swiss"]
[EventRounds "11"]
[EventCountry "GBR"]
[SourceTitle "BritBase12Sep20"]
[Source "John Saunders"]
[SourceDate "2020.09.12"]
[SourceVersion "1"]
[SourceVersionDate "2020.09.12"]
[SourceQuality "1"]

1. e4 e5 2. Nc3 Nc6 3. Bc4 Nf6 4. d3 Be7 5. f4 d6 6. Nf3 O-O 7. f5 Na5 8. Bb3
c6 9. O-O Re8 10. Kh1 Nxb3 11. axb3 d5 12. Qe2 dxe4 13. dxe4 Qc7 14. Be3 b5 15.
Nd2 b4 16. Nd1 a5 17. Nf2 Ba6 18. Nc4 c5 19. g4 Bb7 20. Qf3 h6 21. h4 Nh7 22.
Qh3 Nf6 23. Qf3 Nh7 24. Qh3 Nf6 25. Nd2 Rad8 26. Rae1 Nh7 27. Rg1 f6 28. Qf3 a4
29. bxa4 c4 30. b3 Ba6 31. bxc4 Bc5 32. Nd3 Bxe3 33. Qxe3 Bxc4 34. Nxb4 Bf7 35.
Ra1 Qb7 36. Rgb1 Rxd2 37. Nd5 Qxd5 38. exd5 Bxd5+ 39. Kg1 Rg2+ 40. Kf1 Rxg4 41.
Qa7 Rxh4 42. Rb8 Rxb8 43. Qxb8+ Nf8 44. Kf2 Rf4+ 45. Ke3 Re4+ 46. Kd2 Rd4+ 47.
Kc3 Kf7 48. Qc7+ Ke8 49. a5 Be4 50. a6 Rd7 51. Qc4 Bd5 52. Qc5 Rd8 53. Rd1 1-0

[Event "GBR-ch75"]
[Site "Blackpool"]
[Date "1988.08.03"]
[Round "3.14"]
[White "Lalic, Susan Kathryn"]
[Black "Conquest, Stuart"]
[Result "0-1"]
[WhiteElo "2355"]
[BlackElo "2490"]
[PlyCount "96"]
[EventDate "1988.08.01"]
[EventType "swiss"]
[EventRounds "11"]
[EventCountry "GBR"]
[SourceTitle "BritBase12Sep20"]
[Source "John Saunders"]
[SourceDate "2020.09.12"]
[SourceVersion "1"]
[SourceVersionDate "2020.09.12"]
[SourceQuality "1"]

1. e4 c6 2. d4 d5 3. Nd2 dxe4 4. Nxe4 Nf6 5. Nxf6+ gxf6 6. Be2 Rg8 7. Bf3 Na6
8. Ne2 Bg4 9. Bxg4 Rxg4 10. O-O Qd7 11. c3 O-O-O 12. Qd3 f5 13. Qh3 e6 14. f3
Rg8 15. Bf4 Bd6 16. Qh4 Nc7 17. c4 c5 18. Bxd6 Qxd6 19. Rfd1 Qb6 20. Qf2 Qxb2
21. dxc5 Rd2 22. Rxd2 Qxa1+ 23. Qf1 Qe5 24. Qf2 Na6 25. Qd4 Qxd4+ 26. Rxd4 Nxc5
27. Rh4 Rh8 28. Rh6 Kd7 29. Ng3 Ke7 30. Kf2 Nd3+ 31. Ke3 Ne5 32. Kd4 Ng6 33.
Ne2 Kf6 34. f4 Rd8+ 35. Kc3 Rd1 36. Rxh7 Ra1 37. g3 Rxa2 38. Nd4 a5 39. Nc2 a4
40. Rh5 Kg7 41. Rg5 Kh6 42. g4 Nxf4 43. h4 f6 44. Rg8 Kh7 45. Rb8 fxg4 46.
Rxb7+ Kh6 47. Ne3 Ra3+ 48. Kd4 Ne2+ 0-1

[Event "GBR-ch75"]
[Site "Blackpool"]
[Date "1988.08.03"]
[Round "3.15"]
[White "Rossiter, Philip J"]
[Black "Hebden, Mark L"]
[Result "0-1"]
[WhiteElo "2335"]
[BlackElo "2460"]
[PlyCount "42"]
[EventDate "1988.08.01"]
[EventType "swiss"]
[EventRounds "11"]
[EventCountry "GBR"]
[SourceTitle "BritBase12Sep20"]
[Source "John Saunders"]
[SourceDate "2020.09.12"]
[SourceVersion "1"]
[SourceVersionDate "2020.09.12"]
[SourceQuality "1"]

1. d4 Nf6 2. c4 c5 3. Nf3 cxd4 4. Nxd4 e5 5. Nb5 d5 6. cxd5 Bc5 7. e3 O-O 8.
N5c3 e4 9. a3 Bf5 10. Nd2 a5 11. Nc4 Nbd7 12. b3 Re8 13. Bb2 Ng4 14. Nb5 Nb6
15. d6 Qg5 16. Rc1 Nxf2 17. Qc2 Nxh1 18. Qd2 Nxc4 19. Bxc4 Bxe3 20. Qc3 Bxc1
21. Bxc1 e3 0-1

[Event "GBR-ch75"]
[Site "Blackpool"]
[Date "1988.08.03"]
[Round "3.16"]
[White "Bellin, Jana"]
[Black "Plaskett, H James"]
[Result "0-1"]
[WhiteElo "2300"]
[BlackElo "2450"]
[PlyCount "76"]
[EventDate "1988.08.01"]
[EventType "swiss"]
[EventRounds "11"]
[EventCountry "GBR"]
[SourceTitle "BritBase12Sep20"]
[Source "John Saunders"]
[SourceDate "2020.09.12"]
[SourceVersion "1"]
[SourceVersionDate "2020.09.12"]
[SourceQuality "1"]

1. d4 Nf6 2. Nf3 g6 3. c4 c5 4. d5 d6 5. Nc3 Bg7 6. e4 O-O 7. Be2 e6 8. O-O Re8
9. Nd2 Na6 10. Rb1 Nc7 11. a4 a6 12. a5 exd5 13. cxd5 Bd7 14. b4 Nh5 15. Na4
Bxa4 16. Qxa4 Nf4 17. Bc4 cxb4 18. Rxb4 Nb5 19. Bxb5 axb5 20. Qxb5 Rxa5 21.
Qxb7 Bc3 22. Rc4 Qg5 23. g3 Bxd2 24. h4 Qh6 25. gxf4 Bxc1 26. Rfxc1 Qxf4 27.
Qd7 Raa8 28. Rc8 Qxe4 29. Rxa8 Rxa8 30. Qxd6 Qxh4 31. Qc6 Rd8 32. d6 Qg4+ 33.
Kf1 Qh3+ 34. Kg1 Qd3 35. Re1 Kg7 36. Re3 Qd1+ 37. Kg2 Qxd6 38. Qc3+ Qf6 0-1

[Event "GBR-ch75"]
[Site "Blackpool"]
[Date "1988.08.03"]
[Round "3.17"]
[White "Gallagher, Joseph G"]
[Black "Morrison, Graham"]
[Result "1/2-1/2"]
[WhiteElo "2445"]
[BlackElo "2325"]
[PlyCount "49"]
[EventDate "1988.08.01"]
[EventType "swiss"]
[EventRounds "11"]
[EventCountry "GBR"]
[SourceTitle "BritBase12Sep20"]
[Source "John Saunders"]
[SourceDate "2020.09.12"]
[SourceVersion "1"]
[SourceVersionDate "2020.09.12"]
[SourceQuality "1"]

1. e4 c6 2. d4 d5 3. Nd2 dxe4 4. Nxe4 Nd7 5. Bc4 Ngf6 6. Ng5 e6 7. Qe2 Nb6 8.
Bd3 h6 9. N5f3 c5 10. dxc5 Bxc5 11. Ne5 Nbd7 12. Ngf3 Qc7 13. Bf4 Bb4+ 14. Kf1
Bd6 15. Rd1 Nxe5 16. Bxe5 Bxe5 17. Bb5+ Ke7 18. Nxe5 a6 19. Bd3 b5 20. h4 Bb7
21. Rh3 Rhd8 22. Re1 Kf8 23. Kg1 Rd4 24. c3 Rd6 25. Bc2 1/2-1/2

[Event "GBR-ch75"]
[Site "Blackpool"]
[Date "1988.08.03"]
[Round "3.18"]
[White "Carr, Neil L"]
[Black "Lane, Gary William"]
[Result "0-1"]
[WhiteElo "2290"]
[BlackElo "2410"]
[PlyCount "76"]
[EventDate "1988.08.01"]
[EventType "swiss"]
[EventRounds "11"]
[EventCountry "GBR"]
[SourceTitle "BritBase12Sep20"]
[Source "John Saunders"]
[SourceDate "2020.09.12"]
[SourceVersion "1"]
[SourceVersionDate "2020.09.12"]
[SourceQuality "1"]

1. e4 e5 2. Nc3 Nf6 3. g3 d5 4. exd5 Nxd5 5. Bg2 Nxc3 6. bxc3 Nc6 7. Rb1 Bc5 8.
d3 O-O 9. Ne2 Bb6 10. O-O Bg4 11. h3 Bh5 12. g4 Bg6 13. Ba3 Re8 14. Ng3 Rb8 15.
c4 Qf6 16. c3 Ba5 17. Rb3 Nd8 18. Ne4 Qh4 19. Nc5 b6 20. Qe2 Rc8 21. Ne4 Ne6
22. Bc1 Rcd8 23. Kh2 h6 24. Be3 Re7 25. f4 Nxf4 26. Rxf4 exf4 27. Bxf4 Red7 28.
d4 Qe7 29. Rb5 f6 30. Rd5 Rxd5 31. cxd5 Re8 32. Qc4 Bxe4 33. d6+ Qf7 34. d7 Rd8
35. Qxc7 Qxd7 36. Bxe4 Qxc7 37. Bxc7 Rc8 38. Bg3 Bxc3 0-1

[Event "GBR-ch75"]
[Site "Blackpool"]
[Date "1988.08.03"]
[Round "3.19"]
[White "McNab, Colin Anderson"]
[Black "Quillan, Gary"]
[Result "1-0"]
[WhiteElo "2410"]
[BlackElo "2255"]
[PlyCount "87"]
[EventDate "1988.08.01"]
[EventType "swiss"]
[EventRounds "11"]
[EventCountry "GBR"]
[SourceTitle "BritBase12Sep20"]
[Source "John Saunders"]
[SourceDate "2020.09.12"]
[SourceVersion "1"]
[SourceVersionDate "2020.09.12"]
[SourceQuality "1"]

1. Nf3 Nc6 2. d4 d6 3. e4 Nf6 4. Nc3 g6 5. h3 Bg7 6. Be3 O-O 7. Qd2 a6 8. a4 b6
9. Be2 Bb7 10. O-O e5 11. d5 Ne7 12. Rad1 Nd7 13. Bh6 Qe8 14. Nh4 f6 15. Bxg7
Kxg7 16. g3 Nc5 17. b3 Bc8 18. Bg4 h5 19. Bxc8 Qxc8 20. Kh2 g5 21. Ng2 h4 22.
gxh4 Rh8 23. Qe3 Ng6 24. Rg1 Kf7 25. b4 Nb7 26. hxg5 Qd7 27. Rd3 a5 28. Qf3
Rxh3+ 29. Qxh3 Rh8 30. Qxh8 Nxh8 31. Rh3 Qd8 32. bxa5 bxa5 33. Rf3 Ng6 34.
Rxf6+ Kg7 35. Rh1 Nc5 36. Ne3 Nh4 37. Kg3 Nd7 38. Rxh4 Nxf6 39. gxf6+ Kxf6 40.
Nb5 Qg8+ 41. Rg4 Qh7 42. Kg2 Qh5 43. Nxc7 Ke7 44. Ne6 1-0

[Event "GBR-ch75"]
[Site "Blackpool"]
[Date "1988.08.03"]
[Round "3.25"]
[White "Mack, Andrew L"]
[Black "Hennigan, Michael"]
[Result "0-1"]
[WhiteElo "2335"]
[BlackElo "2295"]
[PlyCount "56"]
[EventDate "1988.08.01"]
[EventType "swiss"]
[EventRounds "11"]
[EventCountry "GBR"]
[SourceTitle "BritBase12Sep20"]
[Source "John Saunders"]
[SourceDate "2020.09.12"]
[SourceVersion "1"]
[SourceVersionDate "2020.09.12"]
[SourceQuality "1"]

1. e4 Nf6 2. e5 Nd5 3. Nc3 Nxc3 4. dxc3 d6 5. Nf3 Nc6 6. Bb5 g6 7. Bf4 Bg7 8.
O-O O-O 9. Re1 dxe5 10. Nxe5 Nxe5 11. Bxe5 Qxd1 12. Raxd1 Bxe5 13. Rxe5 Be6 14.
Rd4 Rfd8 15. Kf1 Kf8 16. a3 c6 17. Bd3 Rd7 18. Rxd7 Bxd7 19. f4 f6 20. Re3 Re8
21. f5 Bxf5 22. Bxf5 gxf5 23. Rd3 e5 24. Ke2 Kf7 25. Rh3 Rh8 26. Kd3 h5 27. Kc4
f4 28. b4 Ke6 0-1

[Event "GBR-ch75"]
[Site "Blackpool"]
[Date "1988.08.03"]
[Round "3.27"]
[White "Jackson, Sheila"]
[Black "Cooper, Lawrence"]
[Result "1/2-1/2"]
[WhiteElo "2245"]
[BlackElo "2335"]
[PlyCount "60"]
[EventDate "1988.08.01"]
[EventType "swiss"]
[EventRounds "11"]
[EventCountry "GBR"]
[SourceTitle "BritBase12Sep20"]
[Source "John Saunders"]
[SourceDate "2020.09.12"]
[SourceVersion "1"]
[SourceVersionDate "2020.09.12"]
[SourceQuality "1"]

1. e4 e5 2. Nf3 Nc6 3. Bb5 a6 4. Ba4 Nf6 5. O-O Be7 6. Re1 b5 7. Bb3 O-O 8. a4
Bb7 9. d3 Re8 10. Bg5 d6 11. Nc3 b4 12. Ne2 Na5 13. Ba2 Nh5 14. Bxe7 Qxe7 15.
c3 bxc3 16. bxc3 Bc8 17. h3 Be6 18. Qc2 c5 19. Bxe6 Qxe6 20. c4 Nc6 21. Nd2
Rab8 22. a5 Nb4 23. Qc3 Qf6 24. g3 Nc6 25. Reb1 Rb4 26. Rxb4 Nxb4 27. Kg2 Rb8
28. Nf1 Qd8 29. Ne3 Nf6 30. f4 exf4 1/2-1/2

[Event "GBR-ch75"]
[Site "Blackpool"]
[Date "1988.08.03"]
[Round "3.28"]
[White "Orr, Mark JL"]
[Black "Poulton, James"]
[Result "1-0"]
[WhiteElo "2365"]
[BlackElo "2240"]
[PlyCount "51"]
[EventDate "1988.08.01"]
[EventType "swiss"]
[EventRounds "11"]
[EventCountry "GBR"]
[SourceTitle "BritBase12Sep20"]
[Source "John Saunders"]
[SourceDate "2020.09.12"]
[SourceVersion "1"]
[SourceVersionDate "2020.09.12"]
[SourceQuality "1"]

1. d4 e6 2. e4 d5 3. e5 c5 4. c3 Nc6 5. Nf3 Nge7 6. Bd3 cxd4 7. cxd4 Nf5 8.
Bxf5 exf5 9. Nc3 Be6 10. h4 Be7 11. Ne2 Rc8 12. Kf1 Qb6 13. Nf4 Nb4 14. Bd2 Kd7
15. Bc3 Qa6+ 16. Kg1 Rhd8 17. g3 b5 18. a4 Nc6 19. Qe2 Rb8 20. Ng5 h6 21. Nxf7
Rf8 22. Nd6 Bxd6 23. exd6 Rfe8 24. Nd3 Kxd6 25. Bd2 Ke7 26. Qxe6+ 1-0

[Event "GBR-ch75"]
[Site "Blackpool"]
[Date "1988.08.03"]
[Round "3.32"]
[White "Walker, David"]
[Black "Coleman, David J"]
[Result "0-1"]
[WhiteElo "2285"]
[BlackElo "2240"]
[PlyCount "122"]
[EventDate "1988.08.01"]
[EventType "swiss"]
[EventRounds "11"]
[EventCountry "GBR"]
[SourceTitle "BritBase12Sep20"]
[Source "John Saunders"]
[SourceDate "2020.09.12"]
[SourceVersion "1"]
[SourceVersionDate "2020.09.12"]
[SourceQuality "1"]

1. d4 Nf6 2. c4 g6 3. Nc3 Bg7 4. e4 d6 5. f3 O-O 6. Be3 Nc6 7. Qd2 a6 8. Rb1
Re8 9. Nge2 Bd7 10. g3 b5 11. cxb5 axb5 12. b4 Qb8 13. Bg2 Qb7 14. O-O Ra3 15.
h3 Rea8 16. f4 R8a6 17. Rfc1 e5 18. d5 Na7 19. Rb2 exf4 20. gxf4 Ne8 21. Bd4
Qc8 22. Kh2 Bh6 23. Nb1 Bxh3 24. Nxa3 Bxg2 25. Qe3 Bxe4 26. Bxa7 Nf6 27. Rg1
Ng4+ 28. Rxg4 Qxg4 29. Qxe4 Rxa3 30. Be3 Bg7 31. Rc2 Be5 32. Ng3 f5 33. Qg2
Rxe3 34. fxe5 f4 35. Nf1 Qh4+ 36. Kg1 Rxe5 37. Qf3 Rg5+ 38. Rg2 h5 39. Qe4
Rxg2+ 40. Kxg2 Qg4+ 41. Kh1 Kf7 42. Nh2 Qd1+ 43. Kg2 Qd2+ 44. Kh3 Qe3+ 45. Qxe3
fxe3 46. Nf3 Kf6 47. Kg2 g5 48. Nd4 h4 49. Kf3 h3 50. Ne2 Ke5 51. Kxe3 Kxd5 52.
Kf3 Kc4 53. a3 d5 54. Ng3 Kb3 55. Nf5 Kxa3 56. Ne3 c6 57. Nc2+ Kb3 58. Nd4+
Kxb4 59. Nxc6+ Kc5 60. Ne5 Kd4 61. Nc6+ Kc3 0-1

[Event "GBR-ch75"]
[Site "Blackpool"]
[Date "1988.08.03"]
[Round "3.33"]
[White "Burgess, Graham"]
[Black "Clarke, Thomas M"]
[Result "1-0"]
[WhiteElo "2250"]
[BlackElo "2205"]
[PlyCount "29"]
[EventDate "1988.08.01"]
[EventType "swiss"]
[EventRounds "11"]
[EventCountry "GBR"]
[SourceTitle "BritBase12Sep20"]
[Source "John Saunders"]
[SourceDate "2020.09.12"]
[SourceVersion "1"]
[SourceVersionDate "2020.09.12"]
[SourceQuality "1"]

1. d4 d5 2. c4 Nc6 3. Nc3 e5 4. cxd5 Nxd4 5. e3 Nf5 6. Nf3 Bd6 7. Bd3 Ngh6 8.
g4 Nh4 9. Rg1 O-O 10. g5 N6f5 11. Nxh4 Nxh4 12. Bxh7+ Kxh7 13. Qh5+ Kg8 14.
Qxh4 c6 15. Ne4 1-0

[Event "GBR-ch75"]
[Site "Blackpool"]
[Date "1988.08.04"]
[Round "4.1"]
[White "Chandler, Murray G"]
[Black "Murshed, Niaz"]
[Result "1/2-1/2"]
[WhiteElo "2605"]
[BlackElo "2475"]
[PlyCount "59"]
[EventDate "1988.08.01"]
[EventType "swiss"]
[EventRounds "11"]
[EventCountry "GBR"]
[SourceTitle "BritBase12Sep20"]
[Source "John Saunders"]
[SourceDate "2020.09.12"]
[SourceVersion "1"]
[SourceVersionDate "2020.09.12"]
[SourceQuality "1"]

1. e4 g6 2. d4 Bg7 3. Nc3 c6 4. f4 d5 5. e5 h5 6. Nf3 Nh6 7. Be3 Qb6 8. Rb1 Bg4
9. Be2 Nd7 10. O-O Nf5 11. Bf2 Bh6 12. Nh4 Bxf4 13. Bxg4 hxg4 14. Qxg4 Rxh4 15.
Bxh4 Qxd4+ 16. Kh1 Bxe5 17. Qxd4 Nxd4 18. Rbc1 f6 19. Bf2 Kf7 20. g3 b5 21. a4
b4 22. Na2 a5 23. c3 Nb3 24. Rc2 c5 25. Rd1 e6 26. Kg2 Rb8 27. c4 Nd4 28. Rcc1
Nb3 29. Rc2 Nd4 30. Rcc1 1/2-1/2

[Event "GBR-ch75"]
[Site "Blackpool"]
[Date "1988.08.04"]
[Round "4.2"]
[White "Norwood, David"]
[Black "Mestel, A Jonathan"]
[Result "0-1"]
[WhiteElo "2470"]
[BlackElo "2510"]
[PlyCount "54"]
[EventDate "1988.08.01"]
[EventType "swiss"]
[EventRounds "11"]
[EventCountry "GBR"]
[SourceTitle "BritBase12Sep20"]
[Source "John Saunders"]
[SourceDate "2020.09.12"]
[SourceVersion "1"]
[SourceVersionDate "2020.09.12"]
[SourceQuality "1"]

1. d4 Nf6 2. Nf3 g6 3. Nc3 d5 4. Bf4 Bg7 5. e3 O-O 6. Be2 b6 7. Ne5 Bb7 8. h4
h6 9. g4 Nfd7 10. g5 h5 11. Bxh5 Nxe5 12. Bxe5 Bxe5 13. dxe5 d4 14. Bf3 Bxf3
15. Qxf3 dxc3 16. Qxa8 Qd2+ 17. Kf1 cxb2 18. Rb1 Qxc2 19. Kg2 Nc6 20. Rxb2 Qc4
21. Qb7 Qg4+ 22. Kf1 Rd8 23. Re2 Qc4 24. Kg2 Qxe2 25. Qxc6 Qg4+ 26. Kh2 Qxh4+
27. Kg2 Qg4+ 0-1

[Event "GBR-ch75"]
[Site "Blackpool"]
[Date "1988.08.04"]
[Round "4.3"]
[White "Kwiatkowski, Feliks J"]
[Black "Flear, Glenn C"]
[Result "1/2-1/2"]
[WhiteElo "2240"]
[BlackElo "2470"]
[PlyCount "126"]
[EventDate "1988.08.01"]
[EventType "swiss"]
[EventRounds "11"]
[EventCountry "GBR"]
[SourceTitle "BritBase12Sep20"]
[Source "John Saunders"]
[SourceDate "2020.09.12"]
[SourceVersion "1"]
[SourceVersionDate "2020.09.12"]
[SourceQuality "1"]

1. e4 e5 2. Nf3 Nc6 3. Bb5 a6 4. Ba4 Nf6 5. O-O Nxe4 6. d4 b5 7. Bb3 d5 8. dxe5
Be6 9. Nbd2 Nc5 10. c3 d4 11. Bxe6 Nxe6 12. cxd4 Ncxd4 13. Ne4 Be7 14. Be3 Nf5
15. Qc2 O-O 16. Rad1 Nxe3 17. fxe3 Qc8 18. Nd4 Nxd4 19. exd4 Qe6 20. Rd3 f6 21.
exf6 Bxf6 22. Nxf6+ Rxf6 23. Qb3 Rxf1+ 24. Kxf1 Rf8+ 25. Kg1 Qxb3 26. Rxb3 Rf4
27. Rd3 Kf8 28. g3 Rf7 29. Ra3 Rd7 30. Rxa6 Rxd4 31. b3 Rd2 32. Ra7 Rc2 33. a3
Rc3 34. b4 Ke7 35. Rb7 Kd6 36. Rxb5 Rxa3 37. Rg5 g6 38. h4 Rb3 39. h5 gxh5 40.
Kf2 Rb2+ 41. Kf3 Rb3+ 42. Kf2 Rxb4 43. Rxh5 c5 44. Rxh7 Kd5 45. Ke3 Rb3+ 46.
Kd2 Rxg3 47. Kc2 Rg4 48. Kc3 Rg3+ 49. Kc2 Kc4 50. Rh4+ Kb5 51. Rh8 Kb4 52. Rc8
Rg2+ 53. Kd3 Rg3+ 54. Kc2 Kc4 55. Rc7 Rg2+ 56. Kc1 Kb4 57. Rh7 Rg3 58. Kc2 Rg2+
59. Kc1 c4 60. Rh3 Rf2 61. Rg3 Rh2 62. Rf3 c3 63. Rf8 Rh1+ 1/2-1/2